| 000 | 01194nam a2200181 4500 | ||
|---|---|---|---|
| 005 | 20251022100214.0 | ||
| 008 | 251022b |||||||| |||| 00| 0 eng d | ||
| 020 | _a9780691142098 | ||
| 037 | _cTextual | ||
| 040 |
_aRTL _cRTL |
||
| 084 | _qRTL | ||
| 100 |
_aWignall, Paul B. _9849088 |
||
| 245 | _aThe worst of times: How life on earth survived eighty million years of extinctions | ||
| 260 |
_aNew Jersey _bPrinceton University press _c2015 |
||
| 300 |
_axv, 199 p. _bIncludes bibliographical reference and index |
||
| 520 | _a260 million years ago, life on Earth suffered wave after wave of cataclysmic extinctions, with the worst--the end-Permian extinction--wiping out nearly every species on the planet. This book delves into the mystery behind these extinctions and sheds light on the fateful role the primeval supercontinent, known as Pangea, may have played in causing these global catastrophes. Drawing on the latest discoveries as well as his own field expeditions to remote corners of the world, Paul Wignall reveals what scientists are only now beginning to understand about the most prolonged period of environmental crisis in Earth's history. | ||
| 942 |
_2CC _n0 _cTEXL |
||
| 999 |
_c1464937 _d1464937 |
||